| 000 | 00832cam a2200253 4500 | ||
|---|---|---|---|
| 008 | 090401t1994 xxu||||| |||| 00| 0 eng d | ||
| 020 | _a0854066616 | ||
| 035 | _a(Sirsi) u60894 | ||
| 041 | _aeng | ||
| 050 | _a690.3 | ||
| 090 | _aRICS 1994/70ABCD | ||
| 110 |
_aRoyal Institution of Chartered Surveyors _94900 |
||
| 245 | _aQuality assurance: guidelines for the interpretation of BS EN ISO 9000 (formerly BS5750) for use by chartered surveying practices and certification bodies. | ||
| 260 |
_aLondon _bRICS _c1994 |
||
| 300 | _a13p. ; 30cm. | ||
| 350 | _a9.95 | ||
| 520 | _aSUPERSEDED: Replaced by 2nd edition (RICS 1996/119) | ||
| 650 | _aBS EN ISO 9000 | ||
| 650 | _aBS 5750 | ||
| 650 | _aQUALITY ASSURANCE | ||
| 690 | _aMANAGEMENT-BUSINESS MANAGEMENT-PROFESSIONAL PRACTICE | ||
| 942 | _n0 | ||
| 948 | _c04/03/1997 | ||
| 999 |
_c94263 _d94263 |
||